| 000 | 00647nam a22002057a 4500 | ||
|---|---|---|---|
| 003 | 0 | ||
| 005 | 20240920132037.0 | ||
| 008 | 240920b xxu||||| |||| 00| 0 eng d | ||
| 020 | _a978-81-19920-31-0 | ||
| 050 |
_aHQ 1743 _b.An55 2024 |
||
| 100 | _aAnjum, Shakil | ||
| 245 |
_aGender and management _binternational perspectives _cShakil Anjum |
||
| 260 |
_aNew Delhi, India _bVenus Books _c2024 |
||
| 300 |
_aix, 256 pages ; _b25cm. |
||
| 504 | _aIncludes bibliographical references and index. | ||
| 650 | _aWomen employess--India congress. | ||
| 650 | _aGender management. | ||
| 651 | _aIndia--Feminism--Congress. | ||
| 942 |
_2lcc _cBK |
||
| 999 |
_c366280 _d366280 |
||